El cine o el hombre imaginario: ensayo de antropología

Salvato in:
Dettagli Bibliografici
Autore principale: Morin, Edgar (autor)
Natura: Libro
Lingua:spagnolo
Pubblicazione: Barcelona Seix Barral 1961
Serie:Biblioteca Breve
Soggetti:
Tags: Aggiungi Tag
Nessun Tag, puoi essere il primo ad aggiungerne!!

MARC

LEADER 00000nam a2200000 a 4500
001 UCU0985
003 CL-VaPUC
008 960329e19610000SP |||||||||||||||||spa|d
082 0 4 |a 790.01  |b MOR  |2 21 
100 |a Morin, Edgar  |e autor  |9 459920 
245 1 3 |a El cine o el hombre imaginario: ensayo de antropología 
300 |a 321 p 
942 |c BK 
945 |d 19960329 00:00:00  |a lriquelm 
260 |a Barcelona  |b Seix Barral  |c 1961 
650 0 |a Cine  |9 225706 
650 0 |a Cinematografía  |9 265198 
650 0 |a Antropología   |9 233030 
650 7 |a HOMBRE  |2 CL-VaPUC  |9 262149 
583 |a last modification  |c 19960329 00:00:00  |k Rodrigo Vera 
490 0 |a Biblioteca Breve 
999 |c 245758  |d 245756 
952 |0 0  |1 0  |4 0  |6 790_010000000000000_MOR_1961  |7 0  |8 P  |9 260352  |a BIBEDU  |b BIBEDU  |c BIBEDU_PB  |d 2019-11-19  |i 1639986  |o 790.01 MOR 1961  |p 1639986  |r 2024-01-25  |w 2019-11-19  |y BK  |k EDU